[Event "Maresme op 9th"]
[Site "Maresme"]
[Date "2012.11.17"]
[Round "8"]
[White "Llopis Jordan, Lluis"]
[Black "Novell Andinyac, Miquel"]
[Result "1/2-1/2"]
[WhiteElo "1873"]
[BlackElo "1811"]
[PlyCount "113"]
[EventDate "2012.09.29"]
[EventType "swiss"]
[EventRounds "9"]
[EventCountry "ESP"]
[SourceTitle "EXT 2014"]
[Source "ChessBase"]
[SourceDate "2013.11.20"]
[SourceVersion "1"]
[SourceVersionDate "2013.11.20"]
[SourceQuality "1"]

1. d4 d5 2. c4 e6 3. Nc3 Nf6 4. Bg5 Be7 5. e3 0-0 6. Nf3 c5 7. Bd3 Nc6 8. 0-0 cxd4 9. exd4 dxc4 10. Bxc4 b6 11. Re1 Bb7 12. Qd2 Rc8 13. b3 Nb4 14. Ne5 Nfd5 15. Bxe7 Qxe7 16. Nxd5 Bxd5 17. a3 Bxc4 18. bxc4 Nc6 19. Nf3 Rfd8 20. a4 Qb4 21. Qd3 Na5 22. d5 Nxc4 23. Re4 Rxd5 24. Qe2 Qb2 25. Qe1 Nd2 26. Rxe6 Nxf3+ 27. gxf3 g6 28. Re2 Qc3 29. Re8+ Kg7 30. Qxc3+ Rxc3 31. Re7 Ra5 32. Kg2 Rc4 33. Re4 Rxe4 34. fxe4 b5 35. Rb1 a6 36. axb5 Rxb5 37. Ra1 a5 38. f4 Kf6 39. Kf3 Ke6 40. Ra4 h6 41. h4 f6 42. Ke3 g5 43. hxg5 hxg5 44. Kf3 gxf4 45. Kxf4 f5 46. exf5+ Rxf5+ 47. Ke3 Kd6 48. Kd3 Rc5 49. Kd4 Kc6 50. Rc4 Rxc4+ 51. Kxc4 Kb6 52. Kb3 Kb5 53. Kb2 a4 54. Kb1 Kb4 55. Ka2 a3 56. Kb1 Kb3 57. Ka1 1/2-1/2

[Event "Maresme op 9th"]
[Site "Maresme"]
[Date "2012.11.03"]
[Round "6"]
[White "Novell Andinyac, Miquel"]
[Black "Sanchez Saez, Salvador"]
[Result "0-1"]
[WhiteElo "1811"]
[BlackElo "1740"]
[PlyCount "80"]
[EventDate "2012.09.29"]
[EventType "swiss"]
[EventRounds "9"]
[EventCountry "ESP"]
[SourceTitle "EXT 2014"]
[Source "ChessBase"]
[SourceDate "2013.11.20"]
[SourceVersion "1"]
[SourceVersionDate "2013.11.20"]
[SourceQuality "1"]

1. e4 e5 2. Nf3 Nc6 3. d4 exd4 4. Nxd4 Bb4+ 5. c3 Bc5 6. Be3 Qf6 7. Be2 Nge7 8. 0-0 d5 9. Nb5 Bd6 10. exd5 Ne5 11. Nxa7 Bf5 12. c4 Qh4 13. g3 Qh3 14. c5 Be4 15. f3 Ng4 16. Rf2 Nxf2 17. Bxf2 Be5 18. fxe4 Bxb2 19. Nd2 Bxa1 20. Qxa1 Rxa7 21. Qxg7 Rg8 22. Qb2 Qh6 23. c6 b6 24. Bxb6 cxb6 25. Qxb6 Ra8 26. Qb7 Qe3+ 27. Kf1 Qa7 28. d6 Qxb7 29. cxb7 Rb8 30. Bb5+ Kd8 31. dxe7+ Kxe7 32. Bc6 Rg6 33. Bd5 Ra6 34. Ke2 Rh6 35. Nf3 Rd6 36. Kd3 f5 37. Ne5 Rxb7 38. Nc6+ Kf6 39. Nd4 fxe4+ 40. Kxe4 Re7+ 0-1

[Event "Maresme op 9th"]
[Site "Maresme"]
[Date "2012.10.27"]
[Round "5"]
[White "Novell Andinyac, Miquel"]
[Black "Orts Gonzalez, Rafael"]
[Result "1-0"]
[WhiteElo "1811"]
[BlackElo "1700"]
[PlyCount "95"]
[EventDate "2012.09.29"]
[EventType "swiss"]
[EventRounds "9"]
[EventCountry "ESP"]
[SourceTitle "EXT 2014"]
[Source "ChessBase"]
[SourceDate "2013.11.20"]
[SourceVersion "1"]
[SourceVersionDate "2013.11.20"]
[SourceQuality "1"]

1. e4 e5 2. f4 exf4 3. Nf3 d5 4. exd5 Qxd5 5. Be2 Bc5 6. Nc3 Qe6 7. d4 Bb6 8. Bxf4 a6 9. Qd3 Nc6 10. d5 Nb4 11. dxe6 Nxd3+ 12. Bxd3 Bxe6 13. 0-0-0 Nf6 14. Ng5 0-0 15. Nxe6 fxe6 16. Rhe1 Ng4 17. Rxe6 Rxf4 18. Nd5 Rf2 19. h3 Nf6 20. Nxf6+ gxf6 21. Be4 Kf7 22. Bxb7 Kxe6 23. Bxa8 Rf5 24. Bb7 Be3+ 25. Kb1 a5 26. Bc8+ Ke5 27. Bxf5 Kxf5 28. Rd5+ Kf4 29. Rh5 Kg3 30. Rxh7 Kxg2 31. h4 Kg3 32. h5 Kg4 33. Rh8 f5 34. h6 Kg5 35. h7 Kg6 36. Re8 Kxh7 37. Rxe3 Kg6 38. Kc1 f4 39. Rf3 Kf5 40. Kd2 Ke4 41. Ke2 c5 42. b3 Kf5 43. Kd3 Ke5 44. Rh3 Kf5 45. Rh5+ Kg4 46. Rxc5 f3 47. Ke3 Kg3 48. Rf5 1-0

[Event "Maresme op 9th"]
[Site "Maresme"]
[Date "2012.10.13"]
[Round "3"]
[White "Novell Andinyac, Miquel"]
[Black "Berbel Gutierrez, Jose Guillermo"]
[Result "0-1"]
[WhiteElo "1811"]
[BlackElo "1715"]
[PlyCount "84"]
[EventDate "2012.09.29"]
[EventType "swiss"]
[EventRounds "9"]
[EventCountry "ESP"]
[SourceTitle "EXT 2014"]
[Source "ChessBase"]
[SourceDate "2013.11.20"]
[SourceVersion "1"]
[SourceVersionDate "2013.11.20"]
[SourceQuality "1"]

1. e4 e5 2. Nc3 Nf6 3. f4 Nc6 4. Nf3 d6 5. d4 Bg4 6. d5 Nd4 7. Be2 Nxe2 8. Qxe2 Be7 9. Qb5+ c6 10. dxc6 bxc6 11. Qxc6+ Bd7 12. Qc4 0-0 13. fxe5 Be6 14. Nd5 Rc8 15. Qd3 Nxd5 16. exd5 Qa5+ 17. Bd2 Qxd5 18. Qxd5 Bxd5 19. exd6 Bxd6 20. 0-0-0 Bxa2 21. Be3 Bb8 22. Rd2 Be6 23. h3 a6 24. Rhd1 Rc4 25. Nd4 Ra4 26. Kb1 Bd5 27. Nf5 Ba2+ 28. Kc1 Be6 29. Kb1 Bxf5 30. Rd8 Rb4 31. Bc5 Bxc2+ 32. Kxc2 Rc4+ 33. Kb1 Rxc5 34. Rxf8+ Kxf8 35. Rd8+ Ke7 36. Rxb8 f5 37. b4 Rb5 38. Rxb5 axb5 39. Kb2 Kd6 40. Kc3 Kd5 41. Kd3 h5 42. h4 f4 0-1